000 00414nam a2200133#a 4500
001 02299
003 HDC
007 ta
008 230623s2023 xx 000 0 eng d
020 _aHalal Industry Development Corporation.
040 _aHDC
245 4 _aThe offical launching of Global Halal Support Centre One Touch Point, 11th June 2012, :
_bvideo
_h[GMD] /
_cHalal Industry Development Corporation.
942 _2lcc
999 _c23858
_d23858